Optimalizácia SEO Princípy a mýty

Čo je SEO. Dôvody pre SEO. SEO prakticky. Mýty o SEO. Na čo si dať pozor pri výbere SEO dodávateľov.

Gespeichert in:
Bibliographische Detailangaben
1. Verfasser: Čuridlo, Michal
Format: Buchkapitel
Sprache:Slowakisch
Schlagworte:
Tags: Tag hinzufügen
Keine Tags, Fügen Sie das erste Tag hinzu!

MARC

LEADER 00000naa a2200000 4500
001 0137212
005 20231011125540.3
041 0 |a slo 
044 |a SK 
245 1 0 |a Optimalizácia SEO  |b Princípy a mýty  |c Michal Čuridlo 
520 |a Čo je SEO. Dôvody pre SEO. SEO prakticky. Mýty o SEO. Na čo si dať pozor pri výbere SEO dodávateľov. 
610 2 0 |a internet 
610 2 0 |a optimalizácia 
610 2 0 |a marketing 
610 2 0 |a stránky webové 
610 2 0 |a technológie informačné 
610 2 0 |a technológie komunikačné 
100 1 |a Čuridlo, Michal